[Event "Frauenbundesliga 2009-10"]
[Site "Germany GER"]
[Date "2010.02.20"]
[Round "6"]
[White "Hannes,D"]
[Black "Schoene,Mar"]
[Result "1-0"]
[WhiteElo "2115"]
[BlackElo "2265"]

1.e4 c5 2.Nf3 d6 3.Bb5+ Bd7 4.Bxd7+ Qxd7 5.c4 Nf6 6.Nc3 g6 7.d4 cxd4 8.Nxd4 Bg7
9.f3 O-O 10.O-O Nc6 11.Nde2 Ne5 12.b3 a6 13.a4 Qd8 14.Bg5 Nc6 15.Rb1 h6 16.Be3 Nd7
17.Qd2 Kh7 18.f4 Qa5 19.Rf3 f5 20.exf5 gxf5 21.Nd5 Qd8 22.Nd4 Nxd4 23.Bxd4 Bxd4+
24.Qxd4 e5 25.fxe5 dxe5 26.Qf2 f4 27.Rd1 Rf7 28.Qc2+ Kg7 29.g3 Qg5 30.Kh1 Qh5
31.Rdf1 Nf6 32.Nxf6 Rxf6 33.gxf4 Rxf4 34.Rxf4 exf4 35.Qg2+ Kh8 36.Rg1 Qf7
37.Qb2+ Kh7 38.Qc2+ Kh8 39.Qc3+ Kh7 40.Qd3+ Kh8 41.Qd4+ Kh7 42.Qe4+ Kh8 43.Rg6 Re8
44.Rxh6+ Kg8 45.Qg2+ Qg7 46.Qd5+ Kf8 47.Qf5+  1-0

[Event "4NCL 2009-10"]
[Site "Hinckley Island ENG"]
[Date "2010.02.20"]
[Round "5"]
[White "Naylor,J"]
[Black "Hunt,H"]
[Result "1/2-1/2"]
[WhiteElo "2189"]
[BlackElo "2452"]

1.e4 c5 2.Nf3 d6 3.Bb5+ Nc6 4.O-O Bd7 5.Re1 Nf6 6.c3 a6 7.Bf1 Bg4 8.h3 Bxf3
9.Qxf3 g6 10.Na3 Bg7 11.d3 O-O 12.Be3 Nd7 13.Qd1 e5 14.Qd2 b5 15.Nc2 Re8
16.d4 exd4 17.cxd4 Qc7 18.Rad1 Rac8 19.b3 Na5 20.Bf4 c4 21.bxc4 Nxc4 22.Bxc4 bxc4
23.Qb4 Bf8 24.Qc3 Rb8 25.Rc1 Nb6 26.Qa5 Qc6 27.d5 Qb5 28.Qd2 Na4 29.Na3 c3
30.Rxc3 Qb4 31.Rb3 Qxd2 32.Bxd2 Rxb3 33.axb3 Nc5 34.b4 Nxe4 35.f3 Nf6 36.Rxe8 Nxe8
37.b5 axb5 38.Nxb5 f5 39.Kf2 Kf7 40.Bc3 f4 41.Ke2 Bg7 42.Bxg7 Kxg7 43.Kd3 Kf6
44.Kd4 Kf5 45.h4 h6 46.Nc3 g5 47.hxg5 hxg5 48.Ne4 g4 49.fxg4+ Kxg4 50.Kd3 Kf5
51.Kd4 Kg4  1/2-1/2

[Event "TCh-NED 2009-10"]
[Site "Netherlands NED"]
[Date "2010.02.20"]
[Round "5"]
[White "Klip,H"]
[Black "Giri,A"]
[Result "0-1"]
[WhiteElo "2350"]
[BlackElo "2552"]

1.e4 c5 2.Nf3 d6 3.Bb5+ Nd7 4.c3 Nf6 5.Qe2 a6 6.Ba4 b5 7.Bc2 e5 8.d4 Be7
9.O-O O-O 10.Rd1 Qc7 11.Bg5 Bb7 12.d5 c4 13.Nbd2 h6 14.Bh4 g6 15.h3 Kg7 16.Nf1 Bd8
17.a4 Qb8 18.axb5 axb5 19.Ne3 Bb6 20.Kh1 Nh5 21.Rxa8 Bxa8 22.Qd2 Rh8 23.Ra1 Bb7
24.Ng1 Nc5 25.Ne2 Bc8 26.f3 Bd7 27.g4 Nf6 28.Kg2 Bd8 29.Bf2 h5 30.Ng3 Be7
31.Nef1 Qc8 32.Ne3 Bd8 33.Qe2 Ng8 34.Rh1 hxg4 35.hxg4 Rxh1 36.Kxh1 Bg5 37.Nd1 Nf6
38.Be3 Nh7 39.Kg2 Qa8 40.Qd2 f6 41.Nh1 Qa1 42.Nhf2 Bxe3 43.Qxe3 g5 44.Nh3 Kh6
45.Ng1 Nf8 46.Ne2 Nd3 47.Qd2 Nf4+ 48.Nxf4 gxf4 49.b3 Ng6 50.Qf2 Qc1 51.b4 Kg5
52.Kh3 Bc8 53.Kg2 Nh4+ 54.Kh3 Nxf3 55.Qxf3 Qxc2 56.Nf2 Qd2 57.Kg2 Qe3 58.Qh3 Qxh3+
59.Kxh3 Bd7  0-1

[Event "2nd MGU Open"]
[Site "Sofia BUL"]
[Date "2010.02.20"]
[Round "1"]
[White "Vladimirova,M"]
[Black "Tsintsarski,B"]
[Result "1-0"]
[WhiteElo "2086"]
[BlackElo "1713"]

1.e4 c5 2.Nf3 d6 3.Bb5+ Bd7 4.Bxd7+ Nxd7 5.O-O Ngf6 6.Re1 e6 7.c3 Be7 8.d4 cxd4
9.cxd4 O-O 10.Nc3 a6 11.Qd3 Nb6 12.h3 d5 13.e5 Nfd7 14.h4 h6 15.g4 f5 16.exf6 Rxf6
17.g5 Rf5 18.Rxe6 Qf8 19.Kg2 Rc8 20.gxh6 Qf7 21.Re2 Rf8 22.hxg7 Qxg7+ 23.Ng5 Bxg5
24.Bxg5 Qg6 25.Qg3 Rf3 26.Qg4 Qf5 27.Qxf5 R3xf5 28.f4 Nc4 29.b3 Nd6 30.Be7 Rxf4
31.Bxf8 Kxf8 32.Rf1  1-0

[Event "18th Fajr Open"]
[Site "Mashhad IRI"]
[Date "2010.02.21"]
[Round "3"]
[White "Dehghani,H"]
[Black "Shanava,K"]
[Result "0-1"]
[WhiteElo "2008"]
[BlackElo "2551"]

1.e4 c5 2.Nf3 d6 3.Bb5+ Nd7 4.O-O a6 5.Bxd7+ Bxd7 6.d4 cxd4 7.Qxd4 Rc8 8.Nc3 e5
9.Qd3 h6 10.Rd1 Nf6 11.h3 b5 12.a3 Be7 13.Bd2 O-O 14.Rac1 Qc7 15.Nh2 Qb7
16.Nf1 Be6 17.Ne3 Rc5 18.Ncd5 Nxd5 19.exd5 Bd7 20.Bb4 Rcc8 21.Nf5 Bxf5 22.Qxf5 Rc4
23.Rd3 g6 24.Rg3 Bg5 25.Rxg5 hxg5 26.Qf6 Qxd5 27.Qxd6 Qxd6 28.Bxd6 Re8 29.c3 a5
30.Re1 f6 31.g3 Rc6  0-1

[Event "18th Fajr Open"]
[Site "Mashhad IRI"]
[Date "2010.02.21"]
[Round "3"]
[White "Poghosyan,S"]
[Black "Akbari Zahmati,Hamidreza"]
[Result "1-0"]
[WhiteElo "2257"]
[BlackElo "2095"]

1.e4 c5 2.Nf3 d6 3.Bb5+ Bd7 4.Bxd7+ Qxd7 5.O-O Nf6 6.Re1 Nc6 7.b3 e6 8.Bb2 Be7
9.d4 cxd4 10.Nxd4 O-O 11.c4 Rfd8 12.Nc3 Rac8 13.Rc1 Bf8 14.h3 h6 15.Kh1 Ne7
16.Qe2 Ng6 17.Qe3 a6 18.f4 Re8 19.Rcd1 Qc7 20.f5 Ne5 21.Qg3 Kh7 22.Rf1 Rcd8
23.Qh4 Ng8 24.Nce2 Be7 25.Qg3 Bf6 26.Nf4 Bg5 27.Nh5 Nf6 28.Nxf6+ Bxf6 29.Ne2 Qc6
30.Rd4 Nd7 31.fxe6 Rxe6 32.Nf4 Rxe4 33.Nh5 Be5 34.Qd3 Nc5 35.Qc2 Kg8 36.Rd5 Rh4
37.Nxg7 Bxg7 38.Bxg7 Re4 39.Qf2 Qd7 40.Bf6  1-0

[Event "XIII Open"]
[Site "Malaga ESP"]
[Date "2010.02.22"]
[Round "4"]
[White "Cardoso Garcia,S"]
[Black "Naranjo Moreno,A"]
[Result "0-1"]
[WhiteElo "2125"]
[BlackElo "2290"]

1.e4 c5 2.Nf3 d6 3.Bb5+ Bd7 4.Bxd7+ Qxd7 5.O-O Nc6 6.b3 Nf6 7.Re1 e6 8.c4 Ne5
9.Qe2 Be7 10.Bb2 Nxf3+ 11.Qxf3 e5 12.Nc3 h5 13.d3 Qg4 14.h3 Qe6 15.Bc1 O-O-O
16.Bg5 Ng8 17.Bxe7 Nxe7 18.Nd5 g5 19.Nxe7+ Qxe7 20.Qf5+ Kb8 21.Re3 Rdg8 22.Rg3 Rg7
23.Re1 Rh6 24.Qf3 Qe6 25.Qe3 Rhg6 26.Qf3 g4 27.Qf5 gxh3 28.Rxg6 Rxg6 29.g3 Qxf5
30.exf5 Rf6 31.Kh2 Rxf5 32.Re2 Kc7 33.Kxh3 Kd7 34.Kg2 Rg5 35.Kf3 Ke6 36.Re4 f5
37.Rh4 Kf6 38.Ke3 Kg6 39.Rh3 Rg4 40.f3 Rd4 41.Rh2 Kg5 42.Rg2 Kg6 43.Rg1 d5
44.cxd5 Rxd5 45.g4 fxg4 46.fxg4 h4 47.g5 Rd4 48.Rg2 h3 49.Rh2 Rh4  0-1

[Event "XIII Open"]
[Site "Malaga ESP"]
[Date "2010.02.23"]
[Round "5"]
[White "Carlsson,P"]
[Black "Colovic,A"]
[Result "1/2-1/2"]
[WhiteElo "2476"]
[BlackElo "2464"]

1.e4 c5 2.Nf3 d6 3.Bb5+ Nc6 4.d4 cxd4 5.Qxd4 Bd7 6.Bxc6 Bxc6 7.Nc3 Nf6 8.Bg5 e6
9.O-O-O Be7 10.Rhe1 O-O 11.Qd2 h6 12.Bh4 Nxe4 13.Nxe4 Bxh4 14.Qxd6 Bxe4 15.Qxd8 Raxd8
16.Nxh4 Bc6 17.Re3 Rfe8 18.Nf3  1/2-1/2

[Event "GMA"]
[Site "Nancy FRA"]
[Date "2010.02.23"]
[Round "2"]
[White "Mullon,J"]
[Black "Solodovnichenko,Y"]
[Result "0-1"]
[WhiteElo "2458"]
[BlackElo "2578"]

1.e4 c5 2.Nf3 d6 3.Bb5+ Nd7 4.d4 Nf6 5.O-O a6 6.Bxd7+ Nxd7 7.Nc3 cxd4 8.Qxd4 e6
9.Bg5 Qc7 10.Rfe1 Ne5 11.Nd2 h6 12.Be3 b5 13.Nf1 Bd7 14.Ng3 h5 15.f4 Nc6
16.Qd2 h4 17.Nf1 h3 18.g3 g5 19.Nd5 exd5 20.exd5 Ne7 21.Bd4 Rg8 22.fxg5 O-O-O
23.Bf6 Ng6 24.Re3 Kb8 25.a4 Rc8 26.axb5 Ne5 27.bxa6 Ka8 28.Bxe5 dxe5 29.Kh1 Qxc2
30.Rxe5 Bg4 31.Qxc2 Rxc2 32.Ne3 Bf3+ 33.Kg1 Bc5 34.d6 Rg2+ 35.Kf1 Be2+ 36.Ke1 Bb4+  0-1

[Event "ch-IND National Teams"]
[Site "Gurgaon IND"]
[Date "2010.02.26"]
[Round "7"]
[White "Girinath,P"]
[Black "Bakre,T"]
[Result "1/2-1/2"]
[WhiteElo "2370"]
[BlackElo "2465"]

1.e4 c5 2.Nf3 d6 3.Bb5+ Bd7 4.Bxd7+ Qxd7 5.O-O Nf6 6.e5 dxe5 7.Nxe5 Qd6 8.Re1 Nc6
9.Nxc6 Qxc6 10.d3 e6 11.Nd2 Be7 12.Ne4 Nxe4 13.Rxe4 Rd8 14.Qe2 Bf6 15.Rb1 O-O
16.b4 cxb4 17.Rexb4 b6 18.Bb2 Bxb2 19.R1xb2 Rd5 20.g3 Rc8 21.Rc4 Rc5 22.Rxc5 Qxc5
23.c4 Rd8 24.Rb3 h6 25.Qe4 Qa5 26.Qe2 Qf5 27.Kg2 e5 28.Qf3 Qg6 29.Qb7 Rxd3
30.Rxd3 Qxd3 31.Qxa7 Qxc4 32.Qxb6 Qxa2 33.Qb8+  1/2-1/2

[Event "ch-IND National Teams"]
[Site "Gurgaon IND"]
[Date "2010.02.26"]
[Round "8"]
[White "Rathnakaran,K"]
[Black "Suvrajit,S"]
[Result "1/2-1/2"]
[WhiteElo "2402"]
[BlackElo "2343"]

1.e4 c5 2.Nf3 d6 3.Bb5+ Bd7 4.Bxd7+ Qxd7 5.c4 e5 6.O-O Nc6 7.Nc3 Nge7 8.d3 Nd4
9.Nxd4 cxd4 10.Nd5 Nxd5 11.exd5 Be7 12.f4 O-O 13.f5 b5 14.b3 bxc4 15.dxc4 Bf6
16.Qg4 Rfe8 17.Qe4 a5 18.g4 Qd8 19.Kh1 Bg5 20.f6 Bxf6 21.Qf5 e4 22.Bh6 Re5
23.Qf4 Qe7 24.Rae1 gxh6 25.Qxf6 Qxf6 26.Rxf6  1/2-1/2

[Event "Masters B"]
[Site "Nancy FRA"]
[Date "2010.02.26"]
[Round "7"]
[White "Genzling,A"]
[Black "Stets,D"]
[Result "1/2-1/2"]
[WhiteElo "2398"]
[BlackElo "2444"]

1.e4 c5 2.Nf3 d6 3.Bb5+ Nd7 4.d4 Nf6 5.Nc3 a6 6.Bxd7+ Nxd7 7.O-O e6 8.Bg5 Qc7
9.d5 e5 10.a4 g6 11.Nd2 Bg7 12.Nc4 Nb6 13.Nxb6 Qxb6 14.a5 Qc7 15.Qd2 O-O
16.Na4 f5 17.Nb6 Rb8 18.f3 f4 19.b4 Bf6 20.Bxf6 Rxf6 21.Qc3 Bd7 22.bxc5 Bb5
23.Rfb1 g5 24.Ra3 dxc5 25.Nc4 Bxc4 26.Qxc4 Kg7 27.Rc3 Qxa5 28.Qxc5 Qxc5+
29.Rxc5 Rf7 30.Rb6 Kf8 31.d6 Re8 32.c4 Rd7 33.Ra5 Kf7 34.Kf1 Ke6 35.c5 h5
36.h3 Rg8 37.Ra3 Rc8 38.Rc3 Rg8 39.Rcb3 Rc8 40.Rc3 Rg8 41.Ke2 Rgg7 42.Kd3 Rh7
43.Kc4 Rhg7 44.Rd3 Rg8 45.Rdb3 Rgg7 46.Rb1 Rh7 47.R1b4 Rhg7 48.c6 bxc6 49.Rxc6 g4
50.hxg4 hxg4 51.Rb8 Rxd6 52.Rxd6+ Kxd6 53.Rb6+ Kc7 54.Rxa6  1/2-1/2

[Event "Zagreb Open GpA"]
[Site "Zagreb CRO"]
[Date "2010.02.26"]
[Round "2"]
[White "Plenkovic,Z"]
[Black "Maras,M"]
[Result "1/2-1/2"]
[WhiteElo "2388"]
[BlackElo "2256"]

1.e4 c5 2.Nf3 d6 3.Bb5+ Bd7 4.Bxd7+ Qxd7 5.c4 Nc6 6.O-O g6 7.d4 cxd4 8.Nxd4 Bg7
9.Ne2 Nf6 10.Nbc3 O-O 11.f3 Rfd8 12.Rb1 Rac8 13.b3 b6 14.Kh1 Qb7 15.Bg5 a6
16.Nd5 b5 17.Qd2 Ne5 18.Bxf6 Bxf6 19.Nxf6+ exf6 20.f4 Nd7 21.Nc3 Nb6 22.Qd4 b4
23.Nd1 Nd7 24.Nf2 Qb6 25.Qb2 h5 26.Rbe1 Re8 27.h3 a5 28.Kh2 Qd8 29.Rd1 Nc5
30.Rfe1 Qe7 31.Rd5 f5 32.e5 dxe5 33.Rexe5 Qf8 34.Qd4 Rxe5 35.fxe5 a4 36.bxa4 Ne6
37.Qh4 Qe8 38.Rb5 Nc5 39.Qd4 Nxa4 40.Nd3 Rd8 41.Rd5 Rb8 42.Nxb4 Nb6 43.Ra5 Nd7
44.Nd3 Nf8 45.Nf4 Ne6 46.Nxe6 Qxe6 47.Rd5 Rb4 48.a3 Ra4 49.Qc5 Kh7 50.Rd4 g5
51.Qd6 Rxa3 52.c5 Rc3 53.Ra4 Qxd6 54.cxd6 Rd3 55.Ra8 Kg7 56.Kg1 g4 57.Kf2 f4
58.hxg4 hxg4 59.Ra4 g3+ 60.Kf1 Rd5 61.Re4 Kg6 62.Rxf4 Rxe5 63.Rd4 Re8 64.Rg4+ Kf5
65.Rxg3 Rd8 66.Rf3+ Ke6  1/2-1/2

[Event "ch-IND National Teams"]
[Site "Gurgaon IND"]
[Date "2010.02.27"]
[Round "9"]
[White "Jagadish,H"]
[Black "Satyapragyan,S"]
[Result "0-1"]
[WhiteElo "2131"]
[BlackElo "2480"]

1.e4 c5 2.Nf3 d6 3.Bb5+ Nc6 4.Bxc6+ bxc6 5.h3 e5 6.O-O f5 7.Qe2 Be7 8.c3 Nf6
9.d3 O-O 10.Nbd2 fxe4 11.Nxe4 Nxe4 12.dxe4 Qe8 13.Nh2 Qg6 14.Kh1 a5 15.Ng4 Ba6
16.c4 Rab8 17.Rd1 a4 18.f3 Rb4 19.b3 Qf7 20.Ne3 g6 21.Bd2 Rbb8 22.Qd3 Qe6
23.bxa4 Bg5 24.a5 Rb7 25.Rab1 Bxe3 26.Rxb7 Bd4 27.Bh6 Bxb7 28.Bxf8 Kxf8 29.Rb1 Ba6
30.Qd2 Kg7 31.Qg5 Qxc4 32.Qe7+ Qf7 33.Qxd6 Bd3 34.Rb8 Qf4 35.Qe7+ Kh6 36.Qf8+ Qxf8
37.Rxf8 c4 38.Rc8 c5 39.a6 c3  0-1

[Event "Bundesliga 2009-10"]
[Site "Heidelberg GER"]
[Date "2010.02.28"]
[Round "11"]
[White "Chernov,Va"]
[Black "Fressinet,L"]
[Result "0-1"]
[WhiteElo "2433"]
[BlackElo "2658"]

1.e4 c5 2.Nf3 d6 3.Bb5+ Nd7 4.d4 Nf6 5.e5 Qa5+ 6.Nc3 Ne4 7.Rb1 a6 8.O-O d5
9.Bxd7+ Bxd7 10.Nxd5 e6 11.Nc3 Nxc3 12.bxc3 Bc6 13.Qd3 Qxa2 14.Bf4 b5 15.Ng5 Qd5
16.f3 b4 17.Rfd1 bxc3 18.dxc5 Qxd3 19.Rxd3 h6 20.Ne4 Bxe4 21.fxe4 Bxc5+ 22.Be3 Bxe3+
23.Rxe3 O-O 24.Rxc3 a5 25.Kf2 a4 26.Ra3 Rfc8 27.c3 Ra5 28.Rb4 Rxe5 29.Rbxa4 Rec5
30.Ra8 Rxc3 31.Rxc8+ Rxc8 32.h4 h5 33.Kf3 Kh7 34.g3 Rc1 35.Rb3 Kg6 36.Rb6 Rc3+
37.Kf2 Kf6 38.Rb5 g6 39.Ra5 Rc6 40.Kf3 e5 41.Ra8 Ke7 42.Rb8 Rc3+ 43.Kf2 Rd3
44.Ra8 Rd8 45.Ra6 Rd6 46.Ra8 Ke6 47.Re8+ Kf6 48.Kf3 Rd7 49.Ke3 Re7 50.Rg8 Ke6
51.Kf3 Kd7 52.Rf8 Ke6 53.Rg8 Rd7 54.Ke3 Ke7 55.Ra8 Rd8 56.Ra6 Kf8 57.Ra7 Re8
58.Kf3 Re7 59.Ra8+ Kg7 60.Ra5 f6 61.Ra6 Rf7 62.Re6 Kh6 63.Re8 Ra7 64.Rh8+ Kg7
65.Rb8 g5 66.hxg5 fxg5 67.Re8 g4+ 68.Kf2 Ra2+ 69.Kf1 Ra5 70.Re6 Kf7 71.Rh6 Ra4
72.Rxh5 Kf6 73.Rf5+ Ke6 74.Kf2 Rxe4 75.Rf8 Ra4 76.Ke3 Ra3+ 77.Kf2 Ra2+ 78.Ke3 Rg2
79.Re8+ Kf6 80.Rf8+ Ke7 81.Rf5 Ke6 82.Rg5 Rxg3+ 83.Ke4 Kf6 84.Rxe5 Rf3 85.Re8 Kg5
86.Rh8 Ra3 87.Rh7 g3 88.Rh8 Kg4 89.Rg8+ Kh3 90.Kf4 Kg2 91.Rb8 Ra4+ 92.Ke3 Ra2
93.Rb7 Kg1 94.Rh7 g2 95.Rf7 Ra3+ 96.Ke2 Kh2  0-1

[Event "Zagreb Open GpA"]
[Site "Zagreb CRO"]
[Date "2010.02.28"]
[Round "4"]
[White "Plenkovic,Z"]
[Black "Cebalo,M"]
[Result "0-1"]
[WhiteElo "2388"]
[BlackElo "2500"]

1.e4 c5 2.Nf3 d6 3.Bb5+ Nd7 4.O-O Nf6 5.Re1 a6 6.Bxd7+ Bxd7 7.d4 cxd4 8.Qxd4 e5
9.Qd3 h6 10.Nc3 Be7 11.Nd2 b5 12.a4 b4 13.Nd1 Qc7 14.Ne3 O-O 15.b3 Be6 16.Bb2 Qc6
17.Rad1 Rfd8 18.Qf1 Rac8 19.f4 Ng4 20.f5 Nxe3 21.Rxe3 Qb6 22.Qf2 Bg5 23.Re2 Qxf2+
24.Rxf2 Rxc2 25.Ba1 Rxd2 26.Rdxd2 Bxd2 27.Rxd2 Bxb3 28.a5 Rc8 29.Rxd6 f6
30.Rb6 Rc4 31.g3 Ba4 32.Rb8+ Kh7  0-1

[Event "Reykjavik Open"]
[Site "Reykjavik ISL"]
[Date "2010.03.01"]
[Round "7"]
[White "Arngrimsson,D"]
[Black "Omarsson,D"]
[Result "1-0"]
[WhiteElo "2383"]
[BlackElo "2131"]

1.e4 c5 2.Nf3 d6 3.Bb5+ Nc6 4.O-O Bg4 5.c3 Nf6 6.h3 Bh5 7.Re1 Qb6 8.Na3 O-O-O
9.d4 Kb8 10.g4 Bg6 11.dxc5 dxc5 12.Bf4+ Kc8 13.Qa4 a6 14.Nc4  1-0

[Event "Reykjavik Open"]
[Site "Reykjavik ISL"]
[Date "2010.03.02"]
[Round "8"]
[White "Thorsteinsdottir,H"]
[Black "Sigurdarson,Emil"]
[Result "1-0"]
[WhiteElo "1946"]
[BlackElo "1609"]

1.e4 c5 2.Nf3 d6 3.Bb5+ Bd7 4.Bxd7+ Nxd7 5.O-O Ngf6 6.Qe2 e6 7.b3 Be7 8.Bb2 O-O
9.c4 Qc7 10.Nc3 Rac8 11.Rad1 Rfd8 12.Kh1 a6 13.Ng5 h6 14.Nh3 Ne5 15.f4 Ng6
16.Qf3 Qc6 17.Nf2 b5 18.d3 b4 19.Ne2 a5 20.Ng4 Nxg4 21.Qxg4 a4 22.Ng3 Bf8
23.Nh5 Ra8 24.f5 exf5 25.exf5 Ne5 26.Qg3 Qc7 27.Nxg7 Bxg7 28.Bxe5 dxe5 29.f6 Kf8
30.Qxg7+ Ke8 31.Qg8+ Kd7 32.Qxf7+ Kc6 33.Qe6+ Qd6 34.Qf5 axb3 35.axb3 Ra7
36.Qe4+ Kb6 37.Qh4 Rf8 38.Rf3 Ra3 39.f7 Kc7 40.Rb1 Kd7 41.h3 Qe7 42.Qg4+ Kd8
43.Qg7 Ra7 44.Qxh6 Rxf7 45.Rxf7 Qxf7 46.Qd6+ Qd7 47.Qxc5 Qxd3 48.Re1 Rf7
49.Qd5+ Qxd5 50.cxd5 Re7 51.Re4 Kd7 52.Rxb4 Kd6 53.Rb5 e4 54.Kg1 Ke5 55.Kf2 Kd4
56.d6 Rd7 57.Ke2 Rxd6 58.h4 Rg6 59.Rg5 Rb6 60.Rg3 Rh6 61.Rh3 Rg6 62.h5 Rxg2+
63.Kf1 Rg8 64.h6 Rh8 65.h7 Kd5 66.Ke2 Kd4 67.b4 Kc4 68.Ke3 Kxb4 69.Kxe4 Kc5
70.Ke5 Kc6 71.Kf6 Kd6 72.Kg7  1-0

[Event "Gotth' Art Cup IM"]
[Site "Szentgotthard HUN"]
[Date "2010.03.02"]
[Round "8"]
[White "Rudolf,An"]
[Black "Nagy,Ga1"]
[Result "1/2-1/2"]
[WhiteElo "2283"]
[BlackElo "2278"]

1.e4 c5 2.Nf3 d6 3.Bb5+ Bd7 4.Bxd7+ Qxd7 5.O-O Nc6 6.d4 cxd4 7.Nxd4 Nf6 8.Nc3 e6
9.Re1 Be7 10.Be3 O-O 11.Nxc6 Qxc6 12.Qd3 Rfd8 13.Rad1 d5 14.e5 Nd7 15.f4 Bb4
16.Bd4 Nc5 17.Qh3 Na4 18.Rb1 Qc4 19.Red1 Bc5 20.Qe3  1/2-1/2

[Event "TCh-ISL 2009-10"]
[Site "Rekjavik ISL"]
[Date "2010.03.05"]
[Round "5"]
[White "Vilmundarson,L"]
[Black "Karason,A"]
[Result "1/2-1/2"]
[WhiteElo "2036"]
[BlackElo "2248"]

1.e4 c5 2.Nf3 d6 3.Bb5+ Nc6 4.O-O Bd7 5.Re1 a6 6.Bxc6 Bxc6 7.d4 cxd4 8.Qxd4 Nf6
9.Bg5 e6 10.Nc3 Be7 11.Rad1 O-O 12.Qe3 Qc7 13.Nd4 b5 14.a3 Rfc8 15.h3 Qb7
16.Re2 b4 17.axb4 Qxb4 18.Nb3 a5 19.Rd4 Qb8 20.Rc4 Qb7 21.Nd4 Bd7 22.Rxc8+ Rxc8
23.b3 Qb4 24.Na2 Qa3 25.Nc1 e5 26.Nf3 Qa1 27.Kh2 Rc3 28.Qd2 Bb5 29.Bxf6 Bxe2
30.Nxe2 Rxf3 31.Bxe7 Rxf2 32.Bh4 Rf1 33.Ng3 Rd1 34.Qg5 h6 35.Qg4 g5 36.Bxg5 hxg5
37.Qxg5+ Kh7 38.Qh5+ Kg8 39.Qg5+ Kh7 40.Nf5 Rh1+ 41.Kg3 Qe1+ 42.Kg4 Qxe4+
43.Kh5 Qe2+ 44.Kh4 Qe4+  1/2-1/2

[Event "TCh-ISL 2009-10"]
[Site "Rekjavik ISL"]
[Date "2010.03.05"]
[Round "6"]
[White "Thorgeirsson,S"]
[Black "Kjartansson,Dav"]
[Result "1-0"]
[WhiteElo "2142"]
[BlackElo "2303"]

1.e4 c5 2.Nf3 d6 3.Bb5+ Nc6 4.O-O Bd7 5.Re1 a6 6.Bxc6 Bxc6 7.d4 cxd4 8.Nxd4 Rc8
9.Nxc6 Rxc6 10.Nc3 e6 11.Qg4 Nf6 12.Qg3 Qa5 13.Bd2 Qh5 14.Rad1 Be7 15.Bf4 O-O
16.Bxd6 Rxd6 17.Rxd6 Ng4 18.Rd2 Bh4 19.Qh3 f5 20.exf5 Rxf5 21.g3 Qh6 22.Rde2  1-0

[Event "TCh-NED 2009-10"]
[Site "Netherlands NED"]
[Date "2010.03.06"]
[Round "7"]
[White "Martens,M"]
[Black "Spoelman,W"]
[Result "0-1"]
[WhiteElo "2412"]
[BlackElo "2554"]

1.e4 c5 2.Nf3 d6 3.Bb5+ Nc6 4.O-O Bd7 5.Re1 Nf6 6.h3 a6 7.Bf1 g6 8.c3 Bg7
9.d4 e5 10.dxc5 dxc5 11.a4 O-O 12.Qd6 b6 13.Na3 Re8 14.Qd1 Qc7 15.Qc2 Na5
16.b3 h6 17.Be3 Qb7 18.Nd2 Red8 19.f3 Be6 20.Ndc4 Nc6 21.Nd2 Na5 22.Ndc4 Nc6
23.Nd2 Rd7 24.Red1 Rad8 25.Bf2 Nh5 26.Bc4 Bxc4 27.Naxc4 Nf4 28.a5 Nxa5 29.Nxa5 bxa5
30.Nc4 Rd3 31.Nxa5 Qe7 32.Kh2 Qg5 33.g3 Qh5 34.gxf4 Qxf3 35.Rxd3 Rxd3 36.Kg1 exf4
37.Nc4 Qxh3 38.e5 Rxc3 39.Qe2 f3 40.Qf1 Qg4+ 41.Kh1 Rxc4 42.bxc4 Bxe5  0-1

[Event "11th EICC Women"]
[Site "Rijeka CRO"]
[Date "2010.03.06"]
[Round "1"]
[White "Milliet,S"]
[Black "Shaydullina,S"]
[Result "1/2-1/2"]
[WhiteElo "2391"]
[BlackElo "2218"]

1.e4 c5 2.Nf3 d6 3.Bb5+ Nc6 4.O-O Bd7 5.Re1 Nf6 6.c3 a6 7.Bf1 Bg4 8.d4 cxd4
9.cxd4 d5 10.e5 Ng8 11.e6 Bxe6 12.Rxe6 fxe6 13.Nc3 g6 14.Na4 Bg7 15.Bf4 Nh6
16.Nc5 O-O 17.Nxe6 Qd7 18.Nxf8 Rxf8 19.g3 Nf5 20.Bh3 e6 21.Rc1 Bf6 22.Bxf5 exf5
23.Ne5 Nxe5 24.dxe5 Be7 25.Be3 Re8 26.f4 Kf7 27.Qb3 Qb5 28.Qxb5 axb5 29.Rc7 Ke6
30.Rxb7 b4 31.Rb6+ Kd7 32.Rb7+ Kc6 33.Ra7 Kb5 34.Kf2 Kc4 35.Rc7+ Kd3 36.Rd7 Ke4
37.Ke2 g5 38.fxg5 Kxe5 39.Kd3 Ke6 40.Ra7 Rc8 41.Ra6+ Kf7 42.Rh6 Kg8 43.Ra6 Bf8
44.Ra5 Bg7 45.Bd2 Bxb2 46.Bxb4 Rc4 47.Ba3 Rd4+ 48.Kc2 Ba1  1/2-1/2

[Event "26th ChessOrg Schachfestival"]
[Site "Bad Woerishofen GER"]
[Date "2010.03.07"]
[Round "2"]
[White "Thieme Garmann,A"]
[Black "Gutman,L"]
[Result "0-1"]
[WhiteElo "2145"]
[BlackElo "2454"]

1.e4 c5 2.Nf3 d6 3.Bb5+ Nc6 4.O-O Bd7 5.d3 Rc8 6.c3 a6 7.Ba4 Nf6 8.Re1 b5
9.Bc2 Bg4 10.h3 Bh5 11.Bf4 e6 12.Nbd2 Be7 13.Nf1 d5 14.e5 Nd7 15.Ng3 Bg6
16.Qd2 d4 17.h4 h6 18.h5 Bh7 19.a4 Nb6 20.axb5 axb5 21.Ne4 Nd5 22.Bg3 O-O
23.c4 bxc4 24.dxc4 Ndb4 25.Bb1 d3 26.Ra3 Ra8 27.Qc3 Nd4 28.Rxa8 Qxa8 29.Nxd4 cxd4
30.Qxd4 Bxe4 31.Rxe4 Rd8  0-1

[Event "11th EICC Women"]
[Site "Rijeka CRO"]
[Date "2010.03.07"]
[Round "2"]
[White "Kouvatsou,M"]
[Black "Zawadzka,J"]
[Result "0-1"]
[WhiteElo "2161"]
[BlackElo "2404"]

1.e4 c5 2.Nf3 d6 3.Bb5+ Nc6 4.c3 Nf6 5.Qe2 Bd7 6.d4 cxd4 7.cxd4 a6 8.Bxc6 Bxc6
9.Nc3 e6 10.d5 Bd7 11.dxe6 Bxe6 12.O-O Be7 13.Nd4 O-O 14.Be3 Rc8 15.Nxe6 fxe6
16.Rad1 Qe8 17.f3 Nd7 18.f4 b5 19.a3 Qg6 20.Kh1 Rc6 21.Bd4 Nf6 22.f5 Qf7
23.Qf3 e5 24.Be3 Bd8 25.Bg5 Nd7 26.h4 Nb6 27.Qh3 Bf6 28.Qg4 Kh8 29.Rf3 h6
30.Be3 Nc4 31.Bc1 Rfc8 32.Nd5 Nb6 33.Nxb6 Rxb6 34.Rdf1 Rbc6 35.Bd2 Be7 36.Bb4 Bf6
37.Bc3 Rc4 38.g3 Be7  0-1

[Event "11th EICC Men"]
[Site "Rijeka CRO"]
[Date "2010.03.07"]
[Round "2"]
[White "Naiditsch,A"]
[Black "Sanikidze,T"]
[Result "1-0"]
[WhiteElo "2691"]
[BlackElo "2566"]

1.e4 c5 2.Nf3 d6 3.Bb5+ Nd7 4.d4 cxd4 5.Qxd4 a6 6.Bxd7+ Bxd7 7.Bg5 Rc8 8.Nc3 h6
9.Bh4 e5 10.Qd3 g5 11.Bg3 Nf6 12.Nd2 b5 13.a4 Qa5 14.O-O bxa4 15.Rfb1 Qc5
16.Qxa6 Be7 17.Nxa4 Qxc2 18.Nb6 Rd8 19.Ndc4 Qxe4 20.Re1 Qf5 21.Nxe5 dxe5
22.Rxe5 Qc2 23.Nxd7 Rxd7 24.Qxf6 Qd1+ 25.Re1 O-O  1-0

[Event "11th EICC Men"]
[Site "Rijeka CRO"]
[Date "2010.03.08"]
[Round "3"]
[White "Partys,P"]
[Black "Zufic,M"]
[Result "0-1"]
[WhiteElo "1977"]
[BlackElo "2445"]

1.e4 c5 2.Nf3 d6 3.Bb5+ Nd7 4.O-O Nf6 5.Re1 a6 6.Bf1 e5 7.c3 Be7 8.d4 O-O
9.a4 b6 10.Na3 Bb7 11.Bd3 Re8 12.Nc2 Qc7 13.Bg5 c4 14.Bf1 Nxe4 15.Bxe7 Rxe7
16.Na3 d5 17.dxe5 Nxe5 18.Nxe5 Rxe5 19.Nc2 Rae8 20.Nd4 Nxf2 21.Rxe5 Qxe5  0-1

[Event "11th EICC Men"]
[Site "Rijeka CRO"]
[Date "2010.03.08"]
[Round "3"]
[White "Berkovich,M"]
[Black "Nevednichy,V"]
[Result "0-1"]
[WhiteElo "2401"]
[BlackElo "2572"]

1.e4 c5 2.Nf3 d6 3.Bb5+ Nd7 4.d4 Nf6 5.O-O a6 6.Bxd7+ Nxd7 7.Bg5 h6 8.Bh4 g5
9.Bg3 cxd4 10.Nxd4 e5 11.Nf5 Nf6 12.Qd3 Bxf5 13.exf5 Qb6 14.Nc3 Rc8 15.Ne4 Nxe4
16.Qxe4 Qc6 17.Qe3 Be7 18.c4 g4 19.c5 Qxc5 20.Rac1 Qxe3 21.Rxc8+ Kd7 22.Rxh8 Qg5
23.Rb8 Kc7 24.Re8 h5 25.f4 gxf3 26.Rxf3 Kd7 27.Rh8 Qc1+ 28.Rf1 Qxb2 29.Rxh5 Qxa2
30.Rh8 Qb3 31.Rh7 a5 32.Be1 Qc4 33.Rf3 Qd4+ 34.Rf2 b5 35.Kf1 b4  0-1

[Event "11th EICC Women"]
[Site "Rijeka CRO"]
[Date "2010.03.08"]
[Round "3"]
[White "Arakhamia-Grant,K"]
[Black "Romanko,M"]
[Result "1-0"]
[WhiteElo "2447"]
[BlackElo "2409"]

1.e4 c5 2.Nf3 d6 3.Bb5+ Nc6 4.O-O Bd7 5.c3 Nf6 6.Re1 a6 7.Ba4 b5 8.Bc2 e5
9.h3 Be7 10.d4 O-O 11.d5 Na5 12.Nbd2 Re8 13.Nf1 Bf8 14.b3 g6 15.Bg5 Bg7 16.Qd2 Qe7
17.g4 Qf8 18.Ng3 Kh8 19.Kh2 Ng8 20.Rg1 Nb7 21.Rg2 Bh6 22.Rag1 a5 23.Nf1 b4
24.h4 Bxg5 25.hxg5 f6 26.Rh1 fxg5 27.Nxg5 bxc3 28.Kg1 h6 29.Qxc3 Kg7 30.Nh3 Nd8
31.f4 Nf7 32.g5 Bxh3 33.Qxh3 exf4 34.gxh6+ Kh8 35.Rxg6 Ne7 36.Rf6 Ng8 37.Rxf4 Re5
38.Rh2 Qe7 39.Ng3 Rg5 40.Kh1 Qe5 41.Rxf7 Rxg3 42.Qf1 Ne7 43.Qf6+ Qxf6 44.Rxf6 Rag8
45.Rf1 Ng6 46.h7 Rf8 47.Rxf8+ Nxf8 48.e5 dxe5 49.d6 e4 50.Bxe4  1-0

[Event "42nd WGM"]
[Site "Belgrade SRB"]
[Date "2010.03.09"]
[Round "7"]
[White "Benderac,A"]
[Black "Eric,J"]
[Result "1/2-1/2"]
[WhiteElo "2299"]
[BlackElo "2183"]

1.e4 c5 2.Nf3 d6 3.Bb5+ Bd7 4.Bxd7+ Qxd7 5.O-O Nf6 6.e5 dxe5 7.Nxe5 Qc7 8.d4 cxd4
9.Bf4 Qb6 10.Na3 Nc6 11.Nac4 Qd8 12.c3 e6 13.Nxc6 bxc6 14.Qa4 Qc8 15.cxd4 Nd5
16.Nd6+ Bxd6 17.Bxd6 Qd7 18.Bc5 f6 19.Rfe1 Kf7 20.Qc2 h6 21.Re2 Rhe8 22.Rae1 Kg8
23.Qb3 a5 24.Qg3 Rad8 25.h4 Qf7 26.Qf3 Rc8 27.g3 f5 28.Bd6 Qd7 29.Be5 c5
30.g4 cxd4 31.g5 hxg5 32.hxg5 Qf7 33.Qh3 Qg6 34.f4 Ne3 35.Bxd4 Nc2 36.Rd1 Nxd4
37.Rxd4 Rc1+ 38.Kg2 e5 39.Qb3+ Kh7 40.Qh3+ Kg8 41.Qb3+ Kh7 42.Rd3 Qc6+ 43.Qd5 Kg6
44.Qxc6+ Rxc6 45.fxe5 Kxg5 46.Rd5 a4 47.Kf3 Re7 48.Rg2+ Kh6 49.Kf4 g6 50.Rh2+ Kg7
51.Rhd2 Rc1 52.Rd1 Rc2 53.R5d2 Rc5 54.Rd5 Rc2 55.Rd7 Kf7 56.Rxe7+ Kxe7 57.Rd4 Rxb2
58.Rxa4 Rf2+ 59.Ke3 Rf1 60.Ra6 g5 61.a4 Re1+ 62.Kd4 g4 63.Ra7+ Ke6 64.Ra6+ Ke7
65.Ra7+ Ke6 66.Ra6+ Ke7  1/2-1/2